000 00917cab a22001935a 4500
001 L147229
008 090417s2009 xxkao f 000 0 eng d
035 _a(Sirsi) u147229
041 0 _aeng
245 0 0 _aSettling arguments
260 _c2009
490 0 _aAgreement
_vApril 2009, 33-34(2)
520 _aExplains that tenancy deposit protection schemes (TDS) are legally obliged to provide for independent arbitration in to help resolve disputes and that The Dispute Service provides this service for the TDS. Considers the most common causes of arguments over deposits including cleaning, damage, gardening and decoration. Highlights the need for good inventory-taking practice.
590 _aKA
650 2 4 _aTENANCY DEPOSIT SCHEME (TDS)
651 4 _aEngland and Wales
_y1543-
690 _aMANAGEMENT-DISPUTE AVOIDANCE, MANAGEMENT AND RESOLUTION-DISPUTE MANAGEMENT AND RESOLUTION-ARBITRATION
942 _n0
999 _c81445
_d81445